Singers of Bands - Statistics

General Stats
  • This quiz has been taken 26 times
    15 since last reset
  • The average score is 13 of 30
Answer Stats
Band Singer % Correct
One Direction Harry Styles
85%
Queen Freddie Mercury
77%
The Beatles John Lennon
77%
NSYNC Justin Timberlake
69%
One Direction Zayn
69%
Van Halen (backup/Guitar) Eddie Van Halen
62%
The Beatles George Harrison
62%
Bon Jovi Jon Bon Jovi
62%
The Beatles Paul McCartney
62%
The Beatles Ringo Starr
62%
Guns N' Roses Axl Rose
54%
Black Sabbath Ozzy Osbourne
54%
BeeGees Barry Gibb
46%
AC/DC Bon Scott
46%
KISS Gene Simmons
46%
One Direction Liam Payne
46%
BeeGees Maurice Gibb
46%
Led Zepplin Robert Plant
46%
BeeGees Robin Gibb
46%
AC/DC Brian Johnson
38%
Van Halen David Lee Roth
38%
One Direction Niall Horan
38%
KISS Paul Stanley
38%
One Direction Louis Tomlinson
31%
NSYNC Joey Fatone
15%
Van Halen Sammy Hagar
15%
NSYNC Lance Bass
8%
NSYNC Chris Kirkpatrick
0%
Van Halen Gary Sherone
0%
NSYNC (1995) Jason Galasso
0%
No matching quizzes found
Score Distribution
Percent of People with Each Score
Percentile by Number Answered
Your Score History
You have not taken this quiz since the last reset